[Event "2. Torneio Aberto do Brasil - Fortaleza"]
[Site "Fortaleza BRA"]
[Date "2012.04.06"]
[Round "2.62"]
[White "Rodrigues, Vanessa Ketlyn So"]
[Black "Capistrano, Giovany Gomes"]
[Result "1-0"]
[WhiteElo "1740"]
[BlackElo "1755"]
[PlyCount "71"]
[EventDate "2012.04.05"]
[EventType "swiss"]
[EventRounds "7"]
[EventCountry "BRA"]
[Source "lmi"]
[SourceDate "2012.08.05"]

1. d4 d5 2. Nf3 Nf6 3. Bf4 c6 4. h3 e6 5. Nbd2 Bd6 6. Ne5 O-O 7. e3 Qc7 8. Bg5
Nbd7 9. Ndf3 h6 10. Bh4 g5 11. Bg3 Ne4 12. Bh2 c5 13. c3 cxd4 14. exd4 Ndf6 15.
Bd3 Bd7 16. O-O Rfc8 17. Nd2 Nxd2 18. Qxd2 Kf8 19. f4 Ne4 20. Bxe4 Bxe5 21.
fxe5 dxe4 22. Rf2 Kg7 23. Raf1 Rf8 24. Qe2 Bc6 25. Rf6 Rh8 26. Qg4 Raf8 27. h4
e3 28. hxg5 h5 29. Qg3 e2 30. R1f4 Bb5 31. Kf2 Rh7 32. g6 Rh6 33. gxf7+ Kh7 34.
Rxh6+ Kxh6 35. Rf6+ Kh7 36. Qf4 1-0

[Event "2. Torneio Aberto do Brasil - Fortaleza"]
[Site "Fortaleza BRA"]
[Date "2012.04.06"]
[Round "2.63"]
[White "Silva, Agamenon Viana Da"]
[Black "Costa Avelino, Thiago Cesar"]
[Result "0-1"]
[WhiteElo "1693"]
[BlackElo "1740"]
[PlyCount "44"]
[EventDate "2012.04.05"]
[EventType "swiss"]
[EventRounds "7"]
[EventCountry "BRA"]
[Source "lmi"]
[SourceDate "2012.08.05"]

1. e4 c5 2. Nc3 g6 3. Bc4 Nf6 4. Nf3 Bg7 5. d4 cxd4 6. Nxd4 Nc6 7. Bf4 O-O 8.
e5 Nxd4 9. Qxd4 Nh5 10. O-O-O Nxf4 11. Qxf4 Qc7 12. Rhe1 d6 13. exd6 exd6 14.
Nd5 Qa5 15. Re7 Be6 16. c3 Be5 17. Nf6+ Bxf6 18. Bxe6 Bg5 19. Rxf7 Rxf7 20.
Bxf7+ Kg7 21. Rd4 Bxf4+ 22. Rxf4 Qg5 0-1

[Event "2. Torneio Aberto do Brasil - Fortaleza"]
[Site "Fortaleza BRA"]
[Date "2012.04.06"]
[Round "2.64"]
[White "Aquino, Francisco Jose Alve"]
[Black "Paiva, Lucas Daniel Bezerr"]
[Result "0-1"]
[WhiteElo "1735"]
[BlackElo "1739"]
[PlyCount "84"]
[EventDate "2012.04.05"]
[EventType "swiss"]
[EventRounds "7"]
[EventCountry "BRA"]
[Source "lmi"]
[SourceDate "2012.08.05"]

1. e4 e5 2. Nf3 Nc6 3. Bb5 a6 4. Ba4 b5 5. Bb3 Na5 6. O-O Nxb3 7. axb3 Bd6 8.
d4 Qe7 9. Nc3 Nf6 10. Bg5 Bb7 11. Re1 O-O 12. Nd5 Bxd5 13. exd5 e4 14. c4 h6
15. Bxf6 Qxf6 16. Rxe4 Bb4 17. Ne5 Qf5 18. Qf3 Qxf3 19. Nxf3 bxc4 20. bxc4 a5
21. Ne5 Rae8 22. Rg4 Re7 23. Nd3 Rfe8 24. g3 Bd2 25. Rd1 Re2 26. Ne5 Bg5 27. h4
f5 28. hxg5 fxg4 29. gxh6 gxh6 30. Nxg4 Re1+ 31. Rxe1 Rxe1+ 32. Kg2 Kg7 33. Ne5
d6 34. Nc6 a4 35. c5 Re2 36. cxd6 cxd6 37. Na5 Rxb2 38. Nc4 Rb3 39. Nxd6 a3 40.
Nf5+ Kf6 41. d6 Kxf5 42. d7 Rb8 0-1

[Event "2. Torneio Aberto do Brasil - Fortaleza"]
[Site "Fortaleza BRA"]
[Date "2012.04.06"]
[Round "2.65"]
[White "Rodrigues, Francisco Arimateia"]
[Black "Vescovi, Katherine Lemos"]
[Result "0-1"]
[WhiteElo "1632"]
[BlackElo "1706"]
[PlyCount "110"]
[EventDate "2012.04.05"]
[EventType "swiss"]
[EventRounds "7"]
[EventCountry "BRA"]
[Source "lmi"]
[SourceDate "2012.08.05"]

1. d4 Nf6 2. e3 g6 3. b3 c5 4. Bb2 Bg7 5. Nf3 O-O 6. Bd3 d5 7. Nbd2 cxd4 8.
exd4 Nc6 9. a3 Bg4 10. h3 Bxf3 11. Nxf3 Ne4 12. Ne5 Qa5+ 13. b4 Nxb4 14. axb4
Qxb4+ 15. c3 Qxb2 16. O-O Bxe5 17. dxe5 Qxc3 18. Bxe4 dxe4 19. Qd5 e3 20. fxe3
Qxe3+ 21. Kh2 e6 22. Qxb7 Qxe5+ 23. Kh1 Qb8 24. Qe7 a5 25. Rab1 Qd8 26. Qa3 Qd2
27. Rb7 Rab8 28. Ra7 Rb2 29. Qf3 Qe2 30. Rxa5 Qxf3 31. Rxf3 Rb7 32. Re5 Rd7 33.
Re1 Rd5 34. h4 e5 35. h5 Re8 36. Ref1 f5 37. hxg6 hxg6 38. Ra3 Kf7 39. g4 f4
40. Kg2 g5 41. Rh1 Rd2+ 42. Kg1 Rd1+ 43. Kg2 Rxh1 44. Kxh1 e4 45. Kg2 Kf6 46.
Ra6+ Re6 47. Ra5 Re5 48. Ra6+ Ke7 49. Kf2 Rc5 50. Ra2 Ke6 51. Ke2 Ke5 52. Rb2
f3+ 53. Ke3 Rc3+ 54. Kd2 Rd3+ 55. Ke1 Kf4 0-1

[Event "2. Torneio Aberto do Brasil - Fortaleza"]
[Site "Fortaleza BRA"]
[Date "2012.04.06"]
[Round "2.66"]
[White "Monte, Edmar Ferreira"]
[Black "Assuncao, Jose Ribamar Da Cos"]
[Result "1-0"]
[WhiteElo "1704"]
[BlackElo "1675"]
[PlyCount "87"]
[EventDate "2012.04.05"]
[EventType "swiss"]
[EventRounds "7"]
[EventCountry "BRA"]
[Source "lmi"]
[SourceDate "2012.08.05"]

1. c4 c5 2. Nf3 Nc6 3. d4 cxd4 4. Nxd4 e5 5. Nc2 Nf6 6. Nc3 d6 7. g3 h6 8. Bg2
Be7 9. O-O O-O 10. b3 Re8 11. Ba3 a6 12. b4 Bf8 13. Qd3 Rb8 14. Rfd1 Qc7 15.
Rac1 Rd8 16. Ne3 Nd4 17. Ncd5 Nxd5 18. Nxd5 Qd7 19. e3 Ne6 20. Bb2 Ng5 21. Rd2
Qg4 22. Qe2 e4 23. Nf4 Nf3+ 24. Bxf3 exf3 25. Qf1 g5 26. Nd5 Bg7 27. Bf6 Re8
28. Rd4 Qh5 29. h4 Qg6 30. Bxg7 Kxg7 31. Qd1 g4 32. Nf4 Qh7 33. Rxd6 Bf5 34.
Nh5+ Kf8 35. Nf6 Qg7 36. Nxe8 Rxe8 37. Rd8 Qb2 38. Qd6+ Kg7 39. Qd4+ Qxd4 40.
Rxd4 Re7 41. Rcd1 Kf6 42. Rf4 Kg6 43. h5+ Kg5 44. Rd5 1-0

[Event "2. Torneio Aberto do Brasil - Fortaleza"]
[Site "Fortaleza BRA"]
[Date "2012.04.06"]
[Round "3.2"]
[White "Cavalcanti, Francisco De Assis"]
[Black "Cubas, Jose Fernando"]
[Result "0-1"]
[WhiteElo "2292"]
[BlackElo "2518"]
[PlyCount "118"]
[EventDate "2012.04.05"]
[EventType "swiss"]
[EventRounds "7"]
[EventCountry "BRA"]
[Source "lmi"]
[SourceDate "2012.08.05"]

1. Nf3 Nf6 2. d4 e6 3. c4 d5 4. Nc3 Bb4 5. e3 O-O 6. Bd3 c5 7. O-O Nc6 8. a3
Bxc3 9. bxc3 dxc4 10. Bxc4 Qc7 11. Qe2 e5 12. d5 Na5 13. e4 Bg4 14. Ba2 c4 15.
Rb1 Ne8 16. Qe3 Bxf3 17. Qxf3 Nd6 18. Re1 b6 19. Qg3 Rae8 20. Rb2 Nab7 21. Rbe2
Nc5 22. Bb1 Nb3 23. Be3 f6 24. a4 Nc5 25. Bxc5 Qxc5 26. Bc2 a6 27. Qe3 Qxe3 28.
Rxe3 b5 29. axb5 axb5 30. Ra1 Ra8 31. Ree1 Kf7 32. Kf1 Ke7 33. Ke2 Kd7 34. Kd2
Kc7 35. Reb1 Kb6 36. Rxa8 Rxa8 37. Kc1 Kc5 38. g3 g5 39. f3 Ra2 40. h3 Ra8 41.
Kd2 h6 42. g4 Ra3 43. h4 gxh4 44. Rh1 b4 45. cxb4+ Kxb4 46. Rxh4 Rxf3 47. Rxh6
Rf2+ 48. Kc1 c3 49. g5 Rf1+ 50. Bd1 Nc4 51. Rxf6 Rg1 52. Rf3 Nd2 53. Rf2 Nc4
54. Re2 Rxg5 55. Re1 Rg2 56. Be2 Nd6 57. Bd3 Kb3 58. Kb1 Rd2 59. Be2 Ra2 0-1

[Event "2. Torneio Aberto do Brasil - Fortaleza"]
[Site "Fortaleza BRA"]
[Date "2012.04.06"]
[Round "3.3"]
[White "Mekhitarian, Krikor Sevag"]
[Black "Umetsubo, Cesar Hidemitsu"]
[Result "1-0"]
[WhiteElo "2512"]
[BlackElo "2235"]
[PlyCount "75"]
[EventDate "2012.04.05"]
[EventType "swiss"]
[EventRounds "7"]
[EventCountry "BRA"]
[Source "lmi"]
[SourceDate "2012.08.05"]

1. d4 d5 2. c4 e6 3. Nc3 c5 4. cxd5 exd5 5. Nf3 Nc6 6. Bg5 Be7 7. Bxe7 Ngxe7 8.
e3 O-O 9. dxc5 Qa5 10. Be2 Qxc5 11. O-O Bf5 12. Qd2 Rfd8 13. Rfd1 a6 14. Nd4
Bg6 15. Nxc6 bxc6 16. Na4 Qd6 17. Rac1 Rdb8 18. Rc5 h5 19. Qc3 h4 20. h3 Be4
21. Bf1 Rb5 22. b3 Qg6 23. Qd2 Nf5 24. Rdc1 d4 25. exd4 Rd8 26. Kh1 Rxd4 27.
Qe1 Rb8 28. Nc3 Bd3 29. Qe5 Rbd8 30. Bxd3 Ng3+ 31. fxg3 Rxd3 32. gxh4 Rd2 33.
Qe4 Qg3 34. Rg5 Qf2 35. Qg4 Qf6 36. Ne4 Qb2 37. Rf1 Re2 38. Nf6+ 1-0

[Event "2. Torneio Aberto do Brasil - Fortaleza"]
[Site "Fortaleza BRA"]
[Date "2012.04.06"]
[Round "3.4"]
[White "Cunha, Eduardo Arruda Da G"]
[Black "Lima, Darcy"]
[Result "0-1"]
[WhiteElo "2242"]
[BlackElo "2509"]
[PlyCount "84"]
[EventDate "2012.04.05"]
[EventType "swiss"]
[EventRounds "7"]
[EventCountry "BRA"]
[Source "lmi"]
[SourceDate "2012.08.05"]

1. e4 e5 2. Nf3 Nc6 3. Bc4 Be7 4. c3 Nf6 5. d3 O-O 6. Bb3 d5 7. Nbd2 Bg4 8. h3
Bh5 9. O-O dxe4 10. dxe4 Bc5 11. Qe2 Qe7 12. Re1 Kh8 13. Nf1 Bg6 14. Ng3 Nh5
15. Nxh5 Bxh5 16. Be3 Na5 17. Bxc5 Qxc5 18. Bc2 Bxf3 19. Qxf3 Nc4 20. b3 Nd6
21. Rad1 Qa3 22. Bb1 f6 23. Re2 a5 24. Red2 Ra6 25. Qe3 Rc6 26. c4 b5 27. cxb5
Nxb5 28. Rd8 Nd4 29. Rd7 a4 30. Kh2 axb3 31. Qg3 Rg8 32. axb3 Rc1 33. R1xd4
exd4 34. e5 Rxb1 35. exf6 gxf6 36. Qh4 Rxg2+ 37. Kxg2 Qa8+ 38. f3 Qa2+ 39. Kg3
Rg1+ 40. Kf4 Qh2+ 41. Ke4 Qe5+ 42. Kd3 Rd1+ 0-1

[Event "2. Torneio Aberto do Brasil - Fortaleza"]
[Site "Fortaleza BRA"]
[Date "2012.04.06"]
[Round "3.5"]
[White "El Debs, Felipe De Cresce"]
[Black "Bouwman, Marcelo Wanderley"]
[Result "1-0"]
[WhiteElo "2507"]
[BlackElo "2222"]
[PlyCount "113"]
[EventDate "2012.04.05"]
[EventType "swiss"]
[EventRounds "7"]
[EventCountry "BRA"]
[Source "lmi"]
[SourceDate "2012.08.05"]

1. Nf3 Nf6 2. c4 g6 3. Nc3 Bg7 4. e4 d6 5. d4 O-O 6. Be2 e5 7. Be3 Nbd7 8. O-O
c6 9. Re1 Ng4 10. Bg5 f6 11. Bc1 Nh6 12. Bf1 Nf7 13. g3 Bh6 14. Bxh6 Nxh6 15.
Qd2 Nf7 16. b4 Qe7 17. b5 Rd8 18. Rab1 Nf8 19. bxc6 bxc6 20. d5 c5 21. Rb3 Bg4
22. Be2 Rab8 23. Reb1 Rxb3 24. Rxb3 Rd7 25. Qb2 h5 26. Rb8 Nd8 27. Qa3 Rb7 28.
Ra8 f5 29. Qa5 Nf7 30. Kg2 f4 31. Nb5 fxg3 32. hxg3 Bxf3+ 33. Bxf3 Ng5 34. Qd8
Qxd8 35. Rxd8 Rf7 36. Be2 Nxe4 37. f3 Nd2 38. Rxd6 e4 39. f4 h4 40. Ra6 hxg3
41. Kxg3 e3 42. Rxa7 Nd7 43. Ra8+ Kh7 44. Re8 Nf6 45. Rxe3 Nh5+ 46. Bxh5 Nf1+
47. Kf3 Nxe3 48. Bxg6+ Kxg6 49. Kxe3 Re7+ 50. Kf3 Kf6 51. Nc3 Re1 52. Ne4+ Ke7
53. f5 Rc1 54. f6+ Ke8 55. Ke3 Rc2 56. Kd3 Rxa2 57. Nxc5 1-0

[Event "2. Torneio Aberto do Brasil - Fortaleza"]
[Site "Fortaleza BRA"]
[Date "2012.04.06"]
[Round "3.6"]
[White "Dos Santos, Haroldo Cunha"]
[Black "Dayer, Horacio Saldano"]
[Result "0-1"]
[WhiteElo "2233"]
[BlackElo "2440"]
[PlyCount "100"]
[EventDate "2012.04.05"]
[EventType "swiss"]
[EventRounds "7"]
[EventCountry "BRA"]
[Source "lmi"]
[SourceDate "2012.08.05"]

1. d4 Nf6 2. Nf3 g6 3. Bf4 Bg7 4. e3 d6 5. Be2 Nh5 6. Bg5 h6 7. Bh4 g5 8. Nfd2
Nf4 9. exf4 gxh4 10. c3 e6 11. Bf3 d5 12. Na3 c5 13. dxc5 Qc7 14. f5 O-O 15.
fxe6 fxe6 16. Nb3 h3 17. Nb5 Qf4 18. Qe2 Nc6 19. Qe3 Ne5 20. Qxf4 Rxf4 21. Be2
hxg2 22. Rg1 Re4 23. Rxg2 Nd3+ 24. Kf1 Nf4 25. Bf3 Nxg2 26. Bxe4 Nf4 27. Bc2 e5
28. Nd6 Bh3+ 29. Ke1 Rf8 30. Na5 Ng2+ 31. Kd2 Rxf2+ 32. Kc1 h5 33. a4 Ne3 34.
Bg6 Rf1+ 35. Kd2 Rxa1 36. Kxe3 d4+ 37. cxd4 exd4+ 38. Kd2 Bh6+ 39. Ke2 Bg4+ 40.
Kd3 Rd1+ 41. Kc2 Rd2+ 42. Kb3 Be6+ 43. Ka3 Rd1 44. Nb3 Bd5 45. Bc2 Rh1 46. Nf5
Bf8 47. h4 b6 48. Kb4 Rh2 49. Bd3 Rxb2 50. Bc4 Bxc5+ 0-1

[Event "2. Torneio Aberto do Brasil - Fortaleza"]
[Site "Fortaleza BRA"]
[Date "2012.04.06"]
[Round "3.7"]
[White "Costa, Carlos Evanir"]
[Black "Molina, Roberto Junio Brito"]
[Result "0-1"]
[WhiteElo "2217"]
[BlackElo "2407"]
[PlyCount "120"]
[EventDate "2012.04.05"]
[EventType "swiss"]
[EventRounds "7"]
[EventCountry "BRA"]
[Source "lmi"]
[SourceDate "2012.08.05"]

1. d4 d5 2. Nf3 Nf6 3. c4 e6 4. Nc3 Be7 5. Bg5 h6 6. Bh4 O-O 7. e3 b6 8. cxd5
exd5 9. Qc2 Be6 10. Ne5 Nfd7 11. Bxe7 Qxe7 12. Nxd7 Nxd7 13. Rd1 Nf6 14. Be2 c5
15. O-O Rfd8 16. Bf3 Rac8 17. Qb1 c4 18. Rfe1 a6 19. e4 dxe4 20. Bxe4 Qc7 21.
d5 Bg4 22. f3 Qc5+ 23. Kh1 Bd7 24. Bf5 b5 25. Bxd7 Rxd7 26. Qf5 Rcd8 27. Re5 b4
28. Ne4 Nxe4 29. Qxe4 Rf8 30. d6 Rxd6 31. Rc1 Qd4 32. h3 Qxb2 33. Rxc4 Qxa2 34.
Rxb4 Rd1+ 35. Kh2 Rd2 36. f4 Qc2 37. f5 Qc7 38. Qf4 Rf2 39. Qg3 Qd6 40. Rg4 Qf6
41. Rd5 Rf1 42. Rd6 Qa1 43. Qe3 Rh1+ 44. Kg3 h5 45. Rgd4 Re1 46. Qg5 Qc3+ 47.
Kh2 Qc5 48. R6d5 Qc7+ 49. Rd6 f6 50. Qg3 Rfe8 51. Qb3+ Kf8 52. Qb6 Qe7 53. R4d5
h4 54. Qd4 Re4 55. Qd1 Qc7 56. Qh5 Kg8 57. Qd1 a5 58. Qb1 a4 59. Qb6 Qc1 60.
Re6 Qf4+ 0-1

[Event "2. Torneio Aberto do Brasil - Fortaleza"]
[Site "Fortaleza BRA"]
[Date "2012.04.06"]
[Round "3.8"]
[White "Mendonca, Mateus Nakajo"]
[Black "Barbosa, Evandro Amorim"]
[Result "1/2-1/2"]
[WhiteElo "2216"]
[BlackElo "2399"]
[PlyCount "148"]
[EventDate "2012.04.05"]
[EventType "swiss"]
[EventRounds "7"]
[EventCountry "BRA"]
[Source "lmi"]
[SourceDate "2012.08.05"]

1. Nf3 c5 2. c4 Nc6 3. d4 cxd4 4. Nxd4 g6 5. g3 Bg7 6. Nc2 d6 7. Nc3 Bxc3+ 8.
bxc3 Be6 9. Bg2 Nf6 10. Rb1 Qd7 11. Nd4 O-O 12. Nxe6 Qxe6 13. Rxb7 Qxc4 14. Qb3
Qa6 15. O-O Rfc8 16. Bg5 Kg7 17. Bxc6 Qxc6 18. Rxe7 Nd5 19. Rb7 Qc4 20. Qxc4
Rxc4 21. Bd2 Nxc3 22. Bxc3+ Rxc3 23. Rd1 Rc6 24. Rd7 Ra6 25. Rd2 Re8 26. Rc2
Rf8 27. Rd2 Re8 28. e3 Re6 29. Rb2 Rf6 30. g4 g5 31. Kg2 Kg6 32. Kg3 Ra4 33.
Rb8 Kg7 34. Rdd8 Rg6 35. Rg8+ Kf6 36. Rh8 Kg7 37. Rhg8+ Kf6 38. Rh8 Kg7 39.
Rbg8+ Kf6 40. Rc8 Kg7 41. Rcg8+ Kf6 42. Rd8 Kg7 43. Rhg8+ Kf6 44. Rxd6+ Ke7 45.
Rgxg6 hxg6 46. Rd2 a5 47. Rb2 Kf6 48. h3 Ke5 49. Rb5+ Kf6 50. Rb6+ Ke7 51. Rb2
Ke6 52. Kf3 f5 53. Kg3 Kf6 54. f4 gxf4+ 55. exf4 fxg4 56. Kxg4 Ra3 57. h4 Kg7
58. Rc2 Kf6 59. Rg2 a4 60. Rc2 Rd3 61. Rc6+ Kg7 62. h5 gxh5+ 63. Kxh5 Rd5+ 64.
Kg4 Rd2 65. Kg5 Rg2+ 66. Kf5 Rxa2 67. Rc7+ Kf8 68. Kf6 Ke8 69. f5 a3 70. Rc8+
Kd7 71. Ra8 Ra1 72. Kf7 a2 73. f6 Kd6 74. Ra5 Kc6 1/2-1/2

[Event "2. Torneio Aberto do Brasil - Fortaleza"]
[Site "Fortaleza BRA"]
[Date "2012.04.06"]
[Round "3.9"]
[White "Guimaraes, Marcelo Cunha"]
[Black "Limp, Eduardo Thelio"]
[Result "0-1"]
[WhiteElo "2216"]
[BlackElo "2382"]
[PlyCount "150"]
[EventDate "2012.04.05"]
[EventType "swiss"]
[EventRounds "7"]
[EventCountry "BRA"]
[Source "lmi"]
[SourceDate "2012.08.05"]

1. e4 e5 2. Nf3 Nc6 3. Bb5 a6 4. Ba4 Nf6 5. O-O Be7 6. Re1 b5 7. Bb3 O-O 8. c3
d5 9. exd5 Nxd5 10. Nxe5 Nxe5 11. Rxe5 Nb6 12. d4 Bd6 13. Re1 Qh4 14. g3 Qh3
15. Qf3 Bg4 16. Qg2 Qh5 17. Be3 Bf3 18. Qf1 Rae8 19. Nd2 Bb7 20. f3 Kh8 21. Ne4
Bxe4 22. fxe4 Rxe4 23. Bf4 Rxe1 24. Rxe1 Qg6 25. Bxd6 Qxd6 26. Qe2 Kg8 27. Qe7
Nc8 28. Qh4 g6 29. Re5 c6 30. Qe4 Kg7 31. Bd1 Nb6 32. Bb3 Rd8 33. Re7 Rd7 34.
Re5 Nd5 35. Bxd5 cxd5 36. Qe3 b4 37. Re8 bxc3 38. bxc3 Rc7 39. Kg2 h5 40. h4
Rc4 41. Ra8 Ra4 42. Rg8+ Kxg8 43. Qe8+ Kg7 44. Qxa4 Qe6 45. Qc2 Kf6 46. Qd2
Qe4+ 47. Kf2 Kg7 48. Qe2 Qf5+ 49. Kg2 Qf6 50. Qe5 Qxe5 51. dxe5 f6 52. exf6+
Kxf6 53. Kf3 Kf5 54. Ke3 Kg4 55. Kd4 Kxg3 56. Kxd5 Kxh4 57. c4 Kg3 58. c5 h4
59. c6 h3 60. c7 h2 61. c8=Q h1=Q+ 62. Kd4 Qd1+ 63. Ke3 Qe1+ 64. Kd3 Qf1+ 65.
Kd2 Qf4+ 66. Ke1 Qe4+ 67. Kd2 Qd4+ 68. Ke1 Qa1+ 69. Kd2 Qxa2+ 70. Kc3 Qa3+ 71.
Kc2 Qa4+ 72. Kb2 Qb5+ 73. Ka2 Qd5+ 74. Kb2 a5 75. Qc1 Kh4 0-1

[Event "2. Torneio Aberto do Brasil - Fortaleza"]
[Site "Fortaleza BRA"]
[Date "2012.04.06"]
[Round "3.10"]
[White "Perdomo, Leandro"]
[Black "Carvalho, Jose Jorge De"]
[Result "1-0"]
[WhiteElo "2372"]
[BlackElo "2190"]
[PlyCount "39"]
[EventDate "2012.04.05"]
[EventType "swiss"]
[EventRounds "7"]
[EventCountry "BRA"]
[Source "lmi"]
[SourceDate "2012.08.05"]

1. d4 d5 2. c4 e5 3. dxe5 d4 4. Nf3 Nc6 5. Nbd2 Bg4 6. h3 Bh5 7. g3 Bb4 8. Bg2
Qe7 9. O-O O-O-O 10. Qa4 Bxd2 11. Bxd2 Bxf3 12. Bxf3 Nxe5 13. Qxa7 Nxf3+ 14.
exf3 Qe2 15. Qa8+ Kd7 16. Qxb7 Qxd2 17. Rad1 Qa5 18. Rxd4+ Ke8 19. Qc6+ Ke7 20.
Qe4+ 1-0

[Event "2. Torneio Aberto do Brasil - Fortaleza"]
[Site "Fortaleza BRA"]
[Date "2012.04.06"]
[Round "3.11"]
[White "Martins, Vinicius Tine"]
[Black "Lu, Jose Silvio Bezerra"]
[Result "1-0"]
[WhiteElo "2329"]
[BlackElo "2145"]
[PlyCount "55"]
[EventDate "2012.04.05"]
[EventType "swiss"]
[EventRounds "7"]
[EventCountry "BRA"]
[Source "lmi"]
[SourceDate "2012.08.05"]

1. Nf3 Nf6 2. c4 g6 3. Nc3 Bg7 4. e4 O-O 5. d4 c5 6. Be2 cxd4 7. Nxd4 Nc6 8.
Be3 d6 9. O-O Bd7 10. Qd2 Nxd4 11. Bxd4 Bc6 12. f3 Qa5 13. Rac1 Rfc8 14. Rfd1
a6 15. Kh1 Qd8 16. b4 b6 17. Bf1 Nd7 18. Be3 a5 19. a3 axb4 20. axb4 Rcb8 21.
Qf2 Bf8 22. Qh4 Ra3 23. Bg5 Qe8 24. Nd5 f6 25. Bd2 Qf7 26. Nc3 Kh8 27. Qf2 Bg7
28. Ne2 1-0

[Event "2. Torneio Aberto do Brasil - Fortaleza"]
[Site "Fortaleza BRA"]
[Date "2012.04.06"]
[Round "3.12"]
[White "Santiago, Bruno M F"]
[Black "Macedo, Maximo Iack"]
[Result "0-1"]
[WhiteElo "2167"]
[BlackElo "2328"]
[PlyCount "46"]
[EventDate "2012.04.05"]
[EventType "swiss"]
[EventRounds "7"]
[EventCountry "BRA"]
[Source "lmi"]
[SourceDate "2012.08.05"]

1. d4 Nf6 2. c4 e6 3. Nf3 d5 4. g3 dxc4 5. Bg2 a6 6. Qc2 b5 7. Ne5 Nd5 8. O-O
Bb7 9. a3 c5 10. e4 Nf6 11. dxc5 Bxc5 12. Bg5 Qb6 13. Bxf6 gxf6 14. Ng4 Nd7 15.
Re1 h5 16. Ne3 Ne5 17. Nc3 Nd3 18. Re2 O-O-O 19. b3 cxb3 20. Qxb3 Nxf2 21. Kxf2
Rd3 22. Rae1 Bd4 23. Rc2 Kb8 0-1

[Event "2. Torneio Aberto do Brasil - Fortaleza"]
[Site "Fortaleza BRA"]
[Date "2012.04.06"]
[Round "3.13"]
[White "Barreto filho, Carlos Alberto"]
[Black "Cardoso, Almir Correia"]
[Result "1-0"]
[WhiteElo "2324"]
[BlackElo "2045"]
[PlyCount "117"]
[EventDate "2012.04.05"]
[EventType "swiss"]
[EventRounds "7"]
[EventCountry "BRA"]
[Source "lmi"]
[SourceDate "2012.08.05"]

1. c4 Nf6 2. Nc3 g6 3. Nf3 Bg7 4. d4 d5 5. cxd5 Nxd5 6. g3 O-O 7. Bg2 Nb6 8.
O-O Nc6 9. e3 Bg4 10. h3 Bxf3 11. Qxf3 Qd7 12. Rd1 Rad8 13. b3 e6 14. Ba3 Rfe8
15. Rac1 Nd5 16. Nxd5 Qxd5 17. Qxd5 exd5 18. Bf1 Re6 19. Bb5 a6 20. Bxc6 bxc6
21. Rc5 Bf8 22. Ra5 Bxa3 23. Rxa3 Ra8 24. Rc1 Kf8 25. Rc5 Ke7 26. Rca5 Kd7 27.
Rxa6 Rxa6 28. Rxa6 Re8 29. Kf1 Rb8 30. Ra5 Kd6 31. Ke2 h5 32. h4 Kd7 33. Kd3
Kd6 34. Ke2 Re8 35. Kf3 Kd7 36. Ra6 Rb8 37. Ke2 Re8 38. Ra5 Rb8 39. Kd2 Kd6 40.
Rc5 Rb6 41. Kc2 Kd7 42. a4 Kd6 43. a5 Ra6 44. b4 Ra8 45. Kb3 Ra7 46. Ka4 Ra8
47. Rc3 Rb8 48. Ra3 Ra8 49. Rb3 Ra7 50. b5 cxb5+ 51. Rxb5 c6 52. Rb8 Kc7 53.
Rf8 Kd6 54. f3 Ke7 55. Rb8 Kd7 56. g4 hxg4 57. fxg4 Kc7 58. Rf8 Kd6 59. h5 1-0

[Event "2. Torneio Aberto do Brasil - Fortaleza"]
[Site "Fortaleza BRA"]
[Date "2012.04.06"]
[Round "3.14"]
[White "Dos Santos, Tiago Augusto"]
[Black "Pinheiro, Iung Alicio De O"]
[Result "0-1"]
[WhiteElo "2023"]
[BlackElo "2321"]
[PlyCount "80"]
[EventDate "2012.04.05"]
[EventType "swiss"]
[EventRounds "7"]
[EventCountry "BRA"]
[Source "lmi"]
[SourceDate "2012.08.05"]

1. e4 c5 2. Nf3 d6 3. d4 cxd4 4. Nxd4 Nf6 5. Nc3 g6 6. Be3 Bg7 7. f3 Nc6 8. Qd2
O-O 9. O-O-O d5 10. Kb1 Nxd4 11. e5 Nf5 12. exf6 exf6 13. Nxd5 Nxe3 14. Qxe3
Be6 15. Bc4 f5 16. Nc3 Bxc4 17. Rxd8 Raxd8 18. Rd1 Rde8 19. Qd2 Bf6 20. Qf4 Be6
21. Ne4 Be5 22. Qg5 fxe4 23. fxe4 Bg7 24. h4 h5 25. c3 Bg4 26. Re1 Re5 27. Qd2
Rfe8 28. Qf4 R8e7 29. a4 Kh7 30. g3 f5 31. Qf2 b6 32. Qd2 fxe4 33. Qd6 e3 34.
a5 Rxa5 35. b4 Rae5 36. Kb2 e2 37. Qd2 Rd7 38. Qf4 Rd1 39. Qf2 Rxe1 40. Qxe1
Rd5 0-1

[Event "2. Torneio Aberto do Brasil - Fortaleza"]
[Site "Fortaleza BRA"]
[Date "2012.04.06"]
[Round "3.15"]
[White "Simoes, Anderson Mauro"]
[Black "Pereira, Silvio Cunha"]
[Result "0-1"]
[WhiteElo "1794"]
[BlackElo "2298"]
[PlyCount "80"]
[EventDate "2012.04.05"]
[EventType "swiss"]
[EventRounds "7"]
[EventCountry "BRA"]
[Source "lmi"]
[SourceDate "2012.08.05"]

1. e4 e5 2. Nf3 Nc6 3. Bb5 a6 4. Ba4 Nf6 5. O-O Nxe4 6. Re1 Nc5 7. Bxc6 dxc6 8.
Nxe5 Be7 9. d4 Ne6 10. Be3 O-O 11. Nc3 f6 12. Nf3 f5 13. d5 cxd5 14. Qxd5 Bf6
15. Qxd8 Rxd8 16. Rad1 Bd7 17. Nd4 Nxd4 18. Bxd4 Bxd4 19. Rxd4 Bc6 20. Red1
Rxd4 21. Rxd4 Kf7 22. f4 h6 23. g3 g5 24. a3 Ke6 25. Ne2 Be4 26. Rd2 c5 27. Kf2
b5 28. Ke3 g4 29. c3 h5 30. Nc1 h4 31. Nd3 Bxd3 32. Rxd3 hxg3 33. hxg3 Rh8 34.
Kd2 Rh2+ 35. Kc1 Re2 36. Rd2 Re1+ 37. Rd1 Rxd1+ 38. Kxd1 Kd5 39. Kd2 Ke4 40.
Ke2 c4 0-1

[Event "2. Torneio Aberto do Brasil - Fortaleza"]
[Site "Fortaleza BRA"]
[Date "2012.04.06"]
[Round "3.16"]
[White "Rodi, Luis Ernesto"]
[Black "Bezerra, Flavio Rodrigo Cost"]
[Result "1/2-1/2"]
[WhiteElo "2391"]
[BlackElo "2033"]
[PlyCount "104"]
[EventDate "2012.04.05"]
[EventType "swiss"]
[EventRounds "7"]
[EventCountry "BRA"]
[Source "lmi"]
[SourceDate "2012.08.05"]

1. d4 Nf6 2. Bg5 Ne4 3. Bf4 c5 4. f3 Qa5+ 5. c3 Nf6 6. Nd2 cxd4 7. Nb3 Qb6 8.
Qxd4 Nc6 9. Qxb6 axb6 10. Nd4 Nxd4 11. cxd4 d5 12. e3 Bd7 13. Bd3 e6 14. Ne2
Bb4+ 15. Kf2 Bc6 16. Rhc1 Kd7 17. g4 Ne8 18. Nc3 Bd6 19. Be5 f6 20. Bxd6 Nxd6
21. a4 h5 22. Kg3 hxg4 23. fxg4 g5 24. b4 Ne4+ 25. Bxe4 dxe4 26. d5 Bxd5 27.
Rd1 Kd6 28. Nxe4+ Ke5 29. Nf2 Rhd8 30. Rd4 f5 31. Nd3+ Kf6 32. gxf5 exf5 33.
Nf2 Bc6 34. Rxd8 Rxd8 35. a5 bxa5 36. bxa5 Rd2 37. e4 fxe4 38. a6 bxa6 39. Rxa6
Rc2 40. Nxe4+ Ke5 41. Nf2 Kf5 42. Ra5+ Kg6 43. Ra3 Rb2 44. Rd3 Kh5 45. Rc3 Bb7
46. h3 Bd5 47. Rd3 Rb3 48. Rxb3 Bxb3 49. Ne4 Kg6 50. Nf2 Bc4 51. Ng4 Bf1 52. h4
gxh4+ 1/2-1/2

[Event "2. Torneio Aberto do Brasil - Fortaleza"]
[Site "Fortaleza BRA"]
[Date "2012.04.06"]
[Round "3.17"]
[White "De Souza, Arthur Olintho"]
[Black "Santiago, Yago De Moura"]
[Result "0-1"]
[WhiteElo "2076"]
[BlackElo "2360"]
[PlyCount "54"]
[EventDate "2012.04.05"]
[EventType "swiss"]
[EventRounds "7"]
[EventCountry "BRA"]
[Source "lmi"]
[SourceDate "2012.08.05"]

1. d4 d5 2. c4 Nc6 3. cxd5 Qxd5 4. Nf3 e5 5. Nc3 Bb4 6. e3 exd4 7. exd4 Nf6 8.
Be3 O-O 9. Be2 Bxc3+ 10. bxc3 Na5 11. O-O Bf5 12. Qa4 b6 13. Nd2 Bg4 14. Bd3
Qh5 15. c4 Bf5 16. Qc2 Bxd3 17. Qxd3 Rad8 18. Qc2 c5 19. dxc5 Ng4 20. Bf4 Qxc5
21. Nb3 Qxc4 22. Qf5 Qe6 23. Qxe6 fxe6 24. Nxa5 Rxf4 25. Nc6 Rd2 26. f3 Rc4 27.
Na5 Rdc2 0-1